000 00521nam a2200169Ia 4500
008 230718s9999 xx 000 0 und d
020 _a9781422155165
041 _aeng
082 _a658.3'14
_bBEN
100 _aBenko C.
_9175597
245 _aCorporate Lattice
_bAchieving High Performance In The Changing World Of Work
260 _c2010
_bHarvard Business Press
300 _a205
365 _cRs.
_b995.00
700 _aBenko C. & Anderson M.
_9191801
906 _dO:0148915-Jan-2011B:641229-Nov-2010
_cMGMT
_b248.75
999 _c326972
_d326972